00740nam a2200217 a 450000100060000000300090000600800410001502000150005604000280007108200100009910000520010924500640016126000310022530000080025649000290026459001360029365000290042965000350045894200120049399900170050521342CO-ViMGA141112s2004 ck r 000 u spa d a8408059297 aCO-ViMGAbspacCO-ViMGA04aLEWtr1 aLewis, Clive Stapler; Gallart, Gemma Tr.93044510aLa travesía del viajero del Alba (las cronicas de Narnia) aBarcelona; Planeta, c2005 a312 aLas crónicas de Narnia aForma de adquisición : Compra fact. 0862 - - Precio : 33000 - - Proveedor : Temas y libros - - Fecha de adquisición : Mayo 200714aNOVELA FANTASTICA91573614aNOVELA INFANTIL INGLESA930446 2ddccBK c29962d29962